[Event "Belem Amazon op U2200"]
[Site "Belem"]
[Date "2018.05.20"]
[Round "5"]
[White "Folha, Matheus Serrao"]
[Black "Teixeira, Euclides"]
[Result "0-1"]
[WhiteElo "1813"]
[BlackElo "1983"]
[PlyCount "52"]
[EventDate "2018.05.18"]
[EventType "swiss"]
[EventRounds "6"]
[EventCountry "BRA"]
[SourceTitle "EXT 2019"]
[Source "ChessBase"]
[SourceDate "2018.10.10"]
[SourceVersion "1"]
[SourceVersionDate "2018.10.10"]
[SourceQuality "1"]

1. e4 e6 2. d4 d5 3. Nc3 Bb4 4. e5 c5 5. a3 Bxc3+ 6. bxc3 Ne7 7. h4 Nbc6 8. h5 Qb6 9. Nf3 Bd7 10. h6 g6 11. Rh3 0-0-0 12. Bg5 Qa5 13. Bf6 Qxc3+ 14. Nd2 Qxd4 15. c3 Qf4 16. g3 Qf5 17. g4 Qf4 18. Rf3 Qxg4 19. Bh3 Qh5 20. Qa4 Nxe5 21. Qxa7 Nxf3+ 22. Nxf3 Nc6 23. Qb6 Qxf3 24. Rb1 Na5 25. Qxc5+ Bc6 26. Rb4 Qxf6 0-1

[Event "Belem Amazon op U2200"]
[Site "Belem"]
[Date "2018.05.18"]
[Round "2"]
[White "Folha, Matheus Serrao"]
[Black "Rodrigues Mota, Romulo Cardoso S"]
[Result "1-0"]
[WhiteElo "1813"]
[BlackElo "1402"]
[PlyCount "53"]
[EventDate "2018.05.18"]
[EventType "swiss"]
[EventRounds "6"]
[EventCountry "BRA"]
[SourceTitle "EXT 2019"]
[Source "ChessBase"]
[SourceDate "2018.10.10"]
[SourceVersion "1"]
[SourceVersionDate "2018.10.10"]
[SourceQuality "1"]

1. e4 c5 2. Ne2 Nf6 3. Nbc3 d6 4. d4 cxd4 5. Nxd4 g6 6. Be3 Bg7 7. f3 0-0 8. Qd2 a6 9. Bc4 b5 10. Bb3 Bb7 11. 0-0-0 Nbd7 12. Bh6 Nc5 13. Kb1 Qa5 14. Bxg7 Kxg7 15. h4 e5 16. Nde2 b4 17. Nd5 Nxb3 18. cxb3 Bxd5 19. exd5 h5 20. g4 Rh8 21. Ng3 Rac8 22. gxh5 Nxh5 23. Qg5 Qd8 24. Qg4 Nf4 25. h5 Qf6 26. h6+ Rxh6 27. Qxc8 1-0

[Event "Belem Gambito da Dama op 1st U2000"]
[Site "Belem"]
[Date "2018.02.02"]
[Round "1.7"]
[White "Rivera Fernandez, Fredy Alejandro"]
[Black "Folha, Matheus Serrao"]
[Result "1-0"]
[WhiteElo "1388"]
[BlackElo "1834"]
[PlyCount "39"]
[EventDate "2018.02.12"]
[EventType "swiss"]
[EventRounds "5"]
[EventCountry "BRA"]
[SourceTitle "EXT 2022"]
[Source "ChessBase"]
[SourceDate "2021.10.06"]
[SourceVersion "1"]
[SourceVersionDate "2021.10.06"]
[SourceQuality "1"]

1. e4 Nc6 2. Nf3 f5 3. exf5 d5 4. Ng5 Bxf5 5. Qf3 Nd4 6. Qf4 Nxc2+ 7. Kd1 Qd7 8. Bd3 Nxa1 9. Bxf5 Qd6 10. Qxd6 exd6 11. Re1+ Be7 12. Ne6 Nh6 13. Bxh7 Kd7 14. Nxc7 Rac8 15. Nxd5 Rxh7 16. Rxe7+ Kc6 17. Nbc3 Nf5 18. Nb4+ Kc5 19. Ne4+ Kc4 20. d3+ 1-0

[Event "Para State-ch final"]
[Site "Belem"]
[Date "2017.12.02"]
[Round "4.6"]
[White "Folha, Matheus Serrao"]
[Black "Cavalheiro, Alvancir Elves"]
[Result "0-1"]
[WhiteElo "1856"]
[BlackElo "1833"]
[PlyCount "22"]
[EventDate "2017.12.01"]
[EventType "swiss"]
[EventRounds "6"]
[EventCountry "BRA"]
[SourceTitle "CBM 182 Extra"]
[Source "ChessBase"]
[SourceDate "2018.02.23"]
[SourceVersion "1"]
[SourceVersionDate "2018.02.23"]
[SourceQuality "1"]

1. e4 c5 2. Nf3 d6 3. d4 cxd4 4. Nxd4 Nc6 5. Nc3 Nf6 6. Bg5 Qa5 7. Bxf6 gxf6 8. Nb3 Qg5 9. Nd4 Rb8 10. f4 Qh4+ 11. g3 Qg4 0-1

[Event "Para State-ch final"]
[Site "Belem"]
[Date "2017.12.01"]
[Round "1.2"]
[White "Cohen Farias, Paulo"]
[Black "Folha, Matheus Serrao"]
[Result "1-0"]
[WhiteElo "2154"]
[BlackElo "1856"]
[PlyCount "71"]
[EventDate "2017.12.01"]
[EventType "swiss"]
[EventRounds "6"]
[EventCountry "BRA"]
[SourceTitle "CBM 182 Extra"]
[Source "ChessBase"]
[SourceDate "2018.02.23"]
[SourceVersion "1"]
[SourceVersionDate "2018.02.23"]
[SourceQuality "1"]

1. e4 c5 2. Nf3 e6 3. Nc3 a6 4. a4 d5 5. d3 Nc6 6. g3 Be7 7. Bg2 d4 8. Nb1 Qa5+ 9. Bd2 Nb4 10. 0-0 b5 11. b3 Bb7 12. Na3 Qb6 13. Ne5 f6 14. Qh5+ g6 15. Nxg6 hxg6 16. Qxh8 Kd7 17. axb5 axb5 18. Bxb4 cxb4 19. Nxb5 Qxb5 20. Rxa8 Bxa8 21. Qxg8 Bb7 22. Ra1 Qc5 23. Qb8 Bc8 24. Ra7+ Kd8 25. e5 Qxc2 26. Bb7 Qc1+ 27. Kg2 Qc7 28. Qxc8+ Qxc8 29. Bxc8 Bc5 30. Ra8 Ke7 31. exf6+ Kf7 32. Ra6 Kxf6 33. Rxe6+ Kg7 34. h4 Kh6 35. Bb7 Bf8 36. Be4 1-0

[Event "Belem FEXPA op 1st"]
[Site "Belem"]
[Date "2017.02.05"]
[Round "5"]
[White "Machado, Hualason Jose Soare"]
[Black "Folha, Matheus Serrao"]
[Result "1-0"]
[WhiteElo "1965"]
[BlackElo "1861"]
[PlyCount "103"]
[EventDate "2017.02.03"]
[EventType "swiss"]
[EventRounds "6"]
[EventCountry "BRA"]
[SourceTitle "CBM 176 Extra"]
[Source "ChessBase"]
[SourceDate "2017.03.02"]
[SourceVersion "1"]
[SourceVersionDate "2017.03.02"]
[SourceQuality "1"]

1. Nf3 d5 2. g3 c5 3. Bg2 Nc6 4. c4 d4 5. d3 e5 6. 0-0 Nf6 7. a3 a5 8. Bg5 h6 9. Bxf6 Qxf6 10. Nbd2 Qd8 11. Qa4 Bd7 12. Qb3 Qc7 13. Rae1 Be7 14. e3 0-0 15. exd4 exd4 16. Kh1 Rfe8 17. Ng1 Bf8 18. Ne2 Ne5 19. Nf4 Bc6 20. Nd5 Qd8 21. h3 Bd6 22. Re2 Nd7 23. Rfe1 Rxe2 24. Rxe2 Nf6 25. Nxf6+ Qxf6 26. Bxc6 bxc6 27. Kg2 Qd8 28. Ne4 Bf8 29. Qa4 Qb6 30. g4 Rb8 31. Rd2 Qc7 32. Qd1 Qf4 33. Qf3 Qxf3+ 34. Kxf3 Rb3 35. Ke2 g6 36. Kd1 f5 37. gxf5 gxf5 38. Ng3 f4 39. Ne4 Kf7 40. Kc2 Rb7 41. Rd1 Re7 42. Rg1 Re5 43. Rg4 Rf5 44. Kb3 h5 45. Rg5 Rxg5 46. Nxg5+ Kg6 47. Ne4 f3 48. Ka4 Bh6 49. Kxa5 Bc1 50. Kb6 Bxb2 51. a4 Bc3 52. a5 1-0

[Event "Belem FEXPA op 1st"]
[Site "Belem"]
[Date "2017.02.04"]
[Round "4"]
[White "Folha, Matheus Serrao"]
[Black "Carvalho, Cleber del Castillo"]
[Result "1-0"]
[WhiteElo "1861"]
[BlackElo "1985"]
[PlyCount "57"]
[EventDate "2017.02.03"]
[EventType "swiss"]
[EventRounds "6"]
[EventCountry "BRA"]
[SourceTitle "CBM 176 Extra"]
[Source "ChessBase"]
[SourceDate "2017.03.02"]
[SourceVersion "1"]
[SourceVersionDate "2017.03.02"]
[SourceQuality "1"]

1. e4 c5 2. Nf3 d6 3. d4 cxd4 4. Nxd4 Nf6 5. Nc3 a6 6. Bg5 e6 7. f4 b5 8. e5 dxe5 9. fxe5 Qc7 10. Qe2 Nfd7 11. 0-0-0 Qxe5 12. Qxe5 Nxe5 13. Ndxb5 f6 14. Nc7+ Kf7 15. Be3 Bb7 16. Nxa8 Bxa8 17. Bf4 Nbd7 18. Rg1 Bc5 19. Rh1 h5 20. h4 Bc6 21. Rh3 Ng4 22. Ne4 Bxe4 23. Rxd7+ Kg6 24. Rc3 Bf2 25. Rcc7 Bb6 26. Rc4 Bd5 27. Bd3+ f5 28. Rxd5 exd5 29. Rc6+ 1-0

[Event "Belem Leao Memorial"]
[Site "Belem"]
[Date "2016.06.04"]
[Round "3"]
[White "Folha, Matheus Serrao"]
[Black "Lima Jr, Newton Celio Goncal"]
[Result "1-0"]
[WhiteElo "1841"]
[BlackElo "1913"]
[PlyCount "74"]
[EventDate "2016.06.03"]
[EventType "swiss"]
[EventRounds "6"]
[EventCountry "BRA"]
[SourceTitle "CBM 172 Extra"]
[Source "ChessBase"]
[SourceDate "2016.06.21"]
[SourceVersion "1"]
[SourceVersionDate "2016.06.21"]
[SourceQuality "1"]

1. e4 c5 2. Nf3 d6 3. d4 cxd4 4. Nxd4 Nf6 5. Nc3 a6 6. Bg5 e6 7. f4 Be7 8. Qf3 Qc7 9. 0-0-0 Nc6 10. g4 Nxd4 11. Rxd4 b5 12. a4 bxa4 13. Rxa4 Bb7 14. Rc4 Bc6 15. Bxf6 Bxf6 16. g5 Be7 17. Nd5 Qb7 18. Nxe7 Kxe7 19. Qc3 Rhc8 20. Bd3 Bb5 21. Rxc8 Rxc8 22. Qd4 Qc7 23. f5 e5 24. Qe3 Qa5 25. Kb1 Bc4 26. b3 Bb5 27. Rf1 Bxd3 28. Qxd3 Qc3 29. Rf3 Qc6 30. Kb2 a5 31. Rg3 a4 32. b4 a3+ 33. Kxa3 Ra8+ 34. Kb2 Qa4 35. Qa3 Qe8 36. Qb3 Qc6 37. Re3 Qb6 1-0

[Event "Belem Leao Memorial"]
[Site "Belem"]
[Date "2016.06.03"]
[Round "2"]
[White "Leao, Marcos Jose"]
[Black "Folha, Matheus Serrao"]
[Result "1-0"]
[WhiteElo "1917"]
[BlackElo "1841"]
[PlyCount "37"]
[EventDate "2016.06.03"]
[EventType "swiss"]
[EventRounds "6"]
[EventCountry "BRA"]
[SourceTitle "CBM 172 Extra"]
[Source "ChessBase"]
[SourceDate "2016.06.21"]
[SourceVersion "1"]
[SourceVersionDate "2016.06.21"]
[SourceQuality "1"]

1. e4 c5 2. Nf3 d6 3. d4 cxd4 4. Nxd4 Nf6 5. Nc3 g6 6. Be3 Bg7 7. Qd2 Nc6 8. f3 0-0 9. 0-0-0 d5 10. h4 h5 11. Bh6 Bxh6 12. Qxh6 Nxd4 13. Rxd4 Qb6 14. Nxd5 Nxd5 15. Rxd5 Be6 16. Rb5 Qc6 17. g4 hxg4 18. h5 Rfc8 19. Bd3 1-0

[Event "Maraba op 3rd"]
[Site "Maraba"]
[Date "2016.04.23"]
[Round "5"]
[White "Folha, Matheus Serrao"]
[Black "Almeida, Antonio Carlos S"]
[Result "1-0"]
[WhiteElo "1825"]
[BlackElo "1984"]
[PlyCount "35"]
[EventDate "2016.04.21"]
[EventType "swiss"]
[EventRounds "7"]
[EventCountry "BRA"]
[SourceTitle "CBM 172 Extra"]
[Source "ChessBase"]
[SourceDate "2016.06.21"]
[SourceVersion "1"]
[SourceVersionDate "2016.06.21"]
[SourceQuality "1"]

1. e4 c5 2. Nf3 d6 3. d4 cxd4 4. Nxd4 Nf6 5. Nc3 a6 6. Bg5 Nbd7 7. f4 Qa5 8. Qf3 e6 9. 0-0-0 Be7 10. g4 0-0 11. Bxf6 Bxf6 12. g5 Be7 13. f5 Bxg5+ 14. Kb1 Nc5 15. Rg1 Bf6 16. Nde2 Rd8 17. fxe6 Bxe6 18. Qxf6 1-0

[Event "Maraba op 3rd"]
[Site "Maraba"]
[Date "2016.04.22"]
[Round "3"]
[White "Almeida, Luis Fernando Silva"]
[Black "Folha, Matheus Serrao"]
[Result "0-1"]
[WhiteElo "1617"]
[BlackElo "1825"]
[PlyCount "110"]
[EventDate "2016.04.21"]
[EventType "swiss"]
[EventRounds "7"]
[EventCountry "BRA"]
[SourceTitle "CBM 172 Extra"]
[Source "ChessBase"]
[SourceDate "2016.06.21"]
[SourceVersion "1"]
[SourceVersionDate "2016.06.21"]
[SourceQuality "1"]

1. d4 Nf6 2. c4 d6 3. Nc3 g6 4. Nf3 Bg7 5. e3 0-0 6. Bd3 c5 7. 0-0 e6 8. Re1 Nc6 9. a3 e5 10. d5 Ne7 11. e4 Ne8 12. h3 f5 13. Bg5 Bf6 14. Bxf6 Rxf6 15. Nh2 Nc7 16. Qd2 f4 17. Be2 Bd7 18. Bg4 Be8 19. Qe2 Rb8 20. a4 b6 21. Nb5 a6 22. Nxc7 Qxc7 23. Be6+ Kg7 24. Ng4 Rf8 25. f3 b5 26. b3 bxa4 27. bxa4 Qa5 28. Qa2 Rb4 29. Qf2 g5 30. Reb1 Rxc4 31. Rb7 Qd8 32. Rab1 Bxa4 33. Qb2 Bb5 34. Rxb5 axb5 35. Qxb5 Rb4 36. Rxb4 cxb4 37. Qxb4 Qb8 38. Qe1 Qb6+ 39. Kh2 Rb8 40. h4 Qb4 41. Qa1 Qd4 42. Qe1 h6 43. Qc1 Qc5 44. Qe1 Ng6 45. Qa1 h5 46. Qa4 Qb5 47. Qa7+ Qb7 48. Qa3 Qb6 49. Qa4 hxg4 50. Qd7+ Kh6 51. Bxg4 Qf2 52. hxg5+ Kxg5 53. Qf5+ Kh6 54. Qh5+ Kg7 55. Qh3 Rb1 0-1

[Event "Belem Regional Norte"]
[Site "Belem"]
[Date "2016.03.20"]
[Round "5"]
[White "Folha, Matheus Serrao"]
[Black "Da Silva, Jefferson Rian Ferr"]
[Result "0-1"]
[WhiteElo "1876"]
[BlackElo "1938"]
[PlyCount "82"]
[EventDate "2016.03.18"]
[EventType "swiss"]
[EventRounds "6"]
[EventCountry "BRA"]
[SourceTitle "CBM 171 Extra"]
[Source "ChessBase"]
[SourceDate "2016.04.26"]
[SourceVersion "1"]
[SourceVersionDate "2016.04.26"]
[SourceQuality "1"]

1. e4 c5 2. Nf3 d6 3. d4 cxd4 4. Nxd4 Nf6 5. Nc3 e5 6. Nf5 Bxf5 7. exf5 a6 8. Bg5 Nbd7 9. Ne4 Qa5+ 10. Qd2 Qxd2+ 11. Nxd2 Be7 12. Nc4 b5 13. Na5 Rc8 14. 0-0-0 0-0 15. f3 d5 16. g4 h6 17. Bh4 Rc7 18. Rg1 g5 19. fxg6 fxg6 20. Bd3 g5 21. Bg3 Bc5 22. Rg2 Be3+ 23. Kb1 Re8 24. Nb3 Nc5 25. Nxc5 Rxc5 26. h4 d4 27. hxg5 Bxg5 28. b4 Rcc8 29. Rh1 Nd5 30. a3 Ne3 31. Re2 Kg7 32. Be4 Nc4 33. Ka2 a5 34. Bd3 axb4 35. axb4 Ra8+ 36. Kb1 Ra4 37. Bxc4 bxc4 38. Bxe5+ Kf7 39. f4 Rxb4+ 40. Kc1 Bxf4+ 41. Bxf4 Rxe2 0-1

[Event "Belem Regional Norte"]
[Site "Belem"]
[Date "2016.03.19"]
[Round "3"]
[White "Dos Santos, Janio Silva"]
[Black "Folha, Matheus Serrao"]
[Result "1-0"]
[WhiteElo "1816"]
[BlackElo "1876"]
[PlyCount "83"]
[EventDate "2016.03.18"]
[EventType "swiss"]
[EventRounds "6"]
[EventCountry "BRA"]
[SourceTitle "CBM 171 Extra"]
[Source "ChessBase"]
[SourceDate "2016.04.26"]
[SourceVersion "1"]
[SourceVersionDate "2016.04.26"]
[SourceQuality "1"]

1. Nf3 Nf6 2. d4 g6 3. c4 Bg7 4. h3 d6 5. Bf4 0-0 6. e3 c5 7. dxc5 Qa5+ 8. Nbd2 Qxc5 9. Be2 Nh5 10. Bg5 f6 11. Bh4 g5 12. Nd4 Nf4 13. N4b3 Nxg2+ 14. Kf1 Nxe3+ 15. fxe3 Qxe3 16. Bf2 Bxh3+ 17. Kg1 Qe6 18. Bf3 Qc8 19. Bd5+ Be6 20. Qh5 h6 21. Be4 f5 22. Bd3 Bf7 23. Qe2 e5 24. Rd1 Be6 25. c5 Rd8 26. Rc1 d5 27. Qh5 e4 28. Be2 Nc6 29. a3 d4 30. Bc4 Ne5 31. Bxe6+ Qxe6 32. Nxd4 Qg6 33. Qxg6 Nxg6 34. Nxf5 Rxd2 35. Nxh6+ Bxh6 36. Rxh6 Kg7 37. Rh5 Nf4 38. Rxg5+ Kf6 39. Be3 Ne2+ 40. Kf1 Rxb2 41. Rg2 Nxc1 42. Rxb2 1-0

[Event "Santarem Regional Norte"]
[Site "Santarem"]
[Date "2015.09.07"]
[Round "6.4"]
[White "Folha, Matheus Serrao"]
[Black "De Souza Monteiro, Marcos Paulo"]
[Result "1/2-1/2"]
[WhiteElo "1888"]
[BlackElo "2052"]
[PlyCount "53"]
[EventDate "2015.09.05"]
[EventType "swiss"]
[EventRounds "6"]
[EventCountry "BRA"]
[SourceTitle "EXT 2022"]
[Source "ChessBase"]
[SourceDate "2021.10.06"]
[SourceVersion "1"]
[SourceVersionDate "2021.10.06"]
[SourceQuality "1"]

1. Nf3 d5 2. c4 e6 3. g3 Nf6 4. Bg2 Be7 5. 0-0 0-0 6. d3 Nbd7 7. Qc2 c6 8. Nc3 b6 9. Bf4 Nh5 10. Bd2 Bb7 11. e4 dxe4 12. dxe4 Qc7 13. b3 Rad8 14. Ne1 Nhf6 15. f4 e5 16. fxe5 Qxe5 17. Kh1 Qb8 18. Nf3 Ng4 19. Rad1 Bd6 20. Ng5 Nge5 21. Bf4 Bc7 22. Nf3 Nxf3 23. Rxf3 Ne5 24. Rff1 Ng6 25. Bg5 Rxd1 26. Rxd1 h6 27. Bc1 1/2-1/2

[Event "Santarem Regional Norte"]
[Site "Santarem"]
[Date "2015.09.06"]
[Round "3.5"]
[White "Farias, Sergio Luiz Cardoso"]
[Black "Folha, Matheus Serrao"]
[Result "0-1"]
[WhiteElo "1621"]
[BlackElo "1888"]
[PlyCount "98"]
[EventDate "2015.09.05"]
[EventType "swiss"]
[EventRounds "6"]
[EventCountry "BRA"]
[SourceTitle "EXT 2022"]
[Source "ChessBase"]
[SourceDate "2021.10.06"]
[SourceVersion "1"]
[SourceVersionDate "2021.10.06"]
[SourceQuality "1"]

1. e4 c5 2. Nf3 d6 3. d4 cxd4 4. Nxd4 Nf6 5. Nc3 g6 6. Bc4 Bg7 7. h3 0-0 8. 0-0 a6 9. Bb3 Nbd7 10. Bg5 Nc5 11. Bxf6 Bxf6 12. Bd5 e6 13. Bc4 b5 14. Be2 Qb6 15. Bf3 Bb7 16. Re1 Na4 17. Nxa4 bxa4 18. e5 Bxf3 19. Nxf3 Be7 20. Nd2 d5 21. c4 Rfd8 22. Qc2 Rac8 23. Rab1 Qd4 24. Nf3 Qxc4 25. Qd2 Qxa2 26. Rec1 Qb3 27. Kh2 Qb4 28. Qe3 Qe4 29. Qa7 Rxc1 30. Qxe7 Rcc8 31. Re1 Qc2 32. Qh4 h5 33. Nd4 Qc7 34. f4 Re8 35. Nf3 Qe7 36. Ng5 Rc2 37. Rf1 Qb7 38. Rf2 Rxf2 39. Qxf2 Rb8 40. Qe2 Qb5 41. Qc2 Qc4 42. Qf2 Qb3 43. Qa7 Qb7 44. Qd4 Qxb2 45. Qxa4 Qb4 46. Qxb4 Rxb4 47. Nf3 Rxf4 48. Kg1 g5 49. Kf2 Re4 0-1

[Event "Belem Leao Memorial"]
[Site "Belem"]
[Date "2015.06.06"]
[Round "3"]
[White "Arruda Filho, Ivo Pereira de"]
[Black "Folha, Matheus Serrao"]
[Result "1-0"]
[WhiteElo "1804"]
[BlackElo "1948"]
[PlyCount "93"]
[EventDate "2015.06.05"]
[EventType "swiss"]
[EventRounds "6"]
[EventCountry "BRA"]
[SourceTitle "EXT 2016"]
[Source "ChessBase"]
[SourceDate "2015.10.08"]
[SourceVersion "1"]
[SourceVersionDate "2015.10.08"]
[SourceQuality "1"]

1. Nf3 Nf6 2. d4 g6 3. Bf4 Bg7 4. e3 d6 5. Bd3 0-0 6. 0-0 c5 7. c3 Nbd7 8. Nbd2 Re8 9. Re1 e5 10. Bg5 h6 11. Bxf6 Nxf6 12. e4 exd4 13. cxd4 cxd4 14. Nxd4 Nxe4 15. Nxe4 Bxd4 16. Bb5 Rxe4 17. Rxe4 Bxf2+ 18. Kh1 Qb6 19. Re8+ Kg7 20. Bd7 Qc7 21. Rxc8 Rxc8 22. Bxc8 Qxc8 23. Qxd6 Qc2 24. Qe5+ Kh7 25. Qf6 Qf5 26. Qxf5 gxf5 27. Rf1 Bd4 28. Rxf5 Kg6 29. Rb5 b6 30. b3 Bc5 31. b4 Be3 32. Re5 Bd2 33. b5 f5 34. g3 h5 35. Kg2 Kf6 36. Rd5 Bg5 37. Kf3 Ke6 38. Rd4 Bf6 39. Ra4 h4 40. gxh4 Be5 41. h3 Bb8 42. Rc4 Kf6 43. Rc8 Bd6 44. Rc6 Ke6 45. h5 Kd7 46. Rxd6+ Kxd6 47. h6 1-0

[Event "Belem Velha op 3rd"]
[Site "Belem"]
[Date "2015.05.03"]
[Round "7"]
[White "Fernandes Filho, Bergson Fragoso"]
[Black "Folha, Matheus Serrao"]
[Result "1-0"]
[WhiteElo "2129"]
[BlackElo "1961"]
[PlyCount "59"]
[EventDate "2015.04.30"]
[EventType "swiss"]
[EventRounds "7"]
[EventCountry "BRA"]
[SourceTitle "CBM 166 Extra"]
[Source "ChessBase"]
[SourceDate "2015.06.18"]
[SourceVersion "1"]
[SourceVersionDate "2015.06.18"]
[SourceQuality "1"]

1. d4 Nf6 2. c4 g6 3. Nc3 Bg7 4. e4 d6 5. Nf3 0-0 6. Be2 c5 7. d5 Na6 8. 0-0 Rb8 9. h3 Nc7 10. Bf4 a6 11. e5 Nfe8 12. a4 Bd7 13. Qd2 b5 14. axb5 axb5 15. b3 bxc4 16. bxc4 Ra8 17. Bh6 Na6 18. Bxg7 Nxg7 19. g4 Nb4 20. e6 fxe6 21. Qh6 Rxf3 22. Bxf3 e5 23. Ne4 Ne8 24. Ng5 Nf6 25. Be4 Rxa1 26. Bxg6 Rxf1+ 27. Kxf1 Qf8 28. Bxh7+ Kh8 29. Qxf8+ Ng8 30. Qxg8# 1-0

[Event "Belem Velha op 3rd"]
[Site "Belem"]
[Date "2015.05.02"]
[Round "4"]
[White "Leao, Flavio Sanchez"]
[Black "Folha, Matheus Serrao"]
[Result "0-1"]
[WhiteElo "1817"]
[BlackElo "1961"]
[PlyCount "85"]
[EventDate "2015.04.30"]
[EventType "swiss"]
[EventRounds "7"]
[EventCountry "BRA"]
[SourceTitle "CBM 166 Extra"]
[Source "ChessBase"]
[SourceDate "2015.06.18"]
[SourceVersion "1"]
[SourceVersionDate "2015.06.18"]
[SourceQuality "1"]

1. e4 c5 2. c4 g6 3. d4 cxd4 4. Qxd4 Nf6 5. e5 Nc6 6. Qc3 Ne4 7. Qe3 Qa5+ 8. Nd2 Nxd2 9. Bxd2 Qxe5 10. Qxe5 Nxe5 11. Bc3 f6 12. h3 Bh6 13. g3 b6 14. Bg2 Rb8 15. Bxe5 fxe5 16. Rd1 d6 17. Bc6+ Kf7 18. Bd5+ e6 19. Be4 Rd8 20. Nf3 Ke7 21. 0-0 Bb7 22. Bxb7 Rxb7 23. h4 Bg7 24. Ng5 h5 25. Rfe1 Rc7 26. b3 a5 27. f4 Rc5 28. Rd3 a4 29. Rde3 axb3 30. axb3 Ra8 31. Nf3 Bh6 32. Re4 Ra3 33. fxe5 d5 34. cxd5 Rxd5 35. Rb4 Rd3 36. Kg2 Raxb3 37. Rxb3 Rxb3 38. Rf1 Re3 39. Rb1 Bg7 40. Rxb6 Bxe5 41. Nxe5 Rxe5 42. Rb7+ Kf6 43. Rb8 0-1

[Event "Belem Velha op 3rd"]
[Site "Belem"]
[Date "2015.05.01"]
[Round "2"]
[White "Moraes, Nelson da Silva"]
[Black "Folha, Matheus Serrao"]
[Result "1/2-1/2"]
[WhiteElo "2241"]
[BlackElo "1961"]
[PlyCount "83"]
[EventDate "2015.04.30"]
[EventType "swiss"]
[EventRounds "7"]
[EventCountry "BRA"]
[SourceTitle "CBM 166 Extra"]
[Source "ChessBase"]
[SourceDate "2015.06.18"]
[SourceVersion "1"]
[SourceVersionDate "2015.06.18"]
[SourceQuality "1"]

1. e4 c5 2. Nf3 d6 3. b3 Nf6 4. Bd3 g6 5. Bb2 Bg7 6. e5 dxe5 7. Nxe5 Nbd7 8. f4 0-0 9. Qf3 Nxe5 10. Bxe5 Qd5 11. Qxd5 Nxd5 12. Be4 Nxf4 13. Bxg7 Kxg7 14. 0-0 Ne2+ 15. Kf2 Nd4 16. c3 Nc6 17. Na3 f5 18. Bxc6 bxc6 19. Rfe1 Kf6 20. Nc4 Rd8 21. Rad1 Ba6 22. Ne5 Rd6 23. c4 Rad8 24. Re2 Bc8 25. Nf3 Re6 26. Rde1 Rxe2+ 27. Rxe2 f4 28. Re5 Rxd2+ 29. Kf1 Rxa2 30. Rxc5 Ra6 31. Ne5 Rb6 32. Nxc6 Rxb3 33. Nxa7 Bb7 34. g3 fxg3 35. hxg3 Rxg3 36. Rc7 Be4 37. Nc8 Rc3 38. Nxe7 Rxc4 39. Ng8+ Ke5 40. Rxh7 g5 41. Rd7 Kf4 42. Kf2 1/2-1/2

[Event "Belem Velha op 2nd"]
[Site "Belem"]
[Date "2015.02.17"]
[Round "7"]
[White "Folha, Matheus Serrao"]
[Black "Ferreira, Pedro Araujo"]
[Result "1-0"]
[WhiteElo "1764"]
[BlackElo "1945"]
[PlyCount "39"]
[EventDate "2015.02.13"]
[EventType "swiss"]
[EventRounds "9"]
[EventCountry "BRA"]
[SourceTitle "CBM 164 Extra"]
[Source "ChessBase"]
[SourceDate "2015.03.02"]
[SourceVersion "1"]
[SourceVersionDate "2015.03.02"]
[SourceQuality "1"]

1. e4 c5 2. d4 cxd4 3. Nf3 d6 4. c3 dxc3 5. Nxc3 Nc6 6. Bc4 e6 7. 0-0 Be7 8. Re1 Nf6 9. Bg5 0-0 10. Rc1 a6 11. Qc2 b5 12. Bd3 Nb4 13. Qb1 Nxd3 14. Qxd3 Bb7 15. b4 Rc8 16. a3 h6 17. Bh4 Re8 18. h3 Qb6 19. e5 dxe5 20. Nxe5 1-0

[Event "Belem Velha op 2nd"]
[Site "Belem"]
[Date "2015.02.15"]
[Round "5"]
[White "Folha, Matheus Serrao"]
[Black "Fragoso, Evander Correa"]
[Result "1/2-1/2"]
[WhiteElo "1764"]
[BlackElo "1892"]
[PlyCount "37"]
[EventDate "2015.02.13"]
[EventType "swiss"]
[EventRounds "9"]
[EventCountry "BRA"]
[SourceTitle "CBM 164 Extra"]
[Source "ChessBase"]
[SourceDate "2015.03.02"]
[SourceVersion "1"]
[SourceVersionDate "2015.03.02"]
[SourceQuality "1"]

1. e4 c5 2. Nf3 a6 3. d4 cxd4 4. c3 dxc3 5. Nxc3 g6 6. Bc4 Bg7 7. 0-0 d6 8. e5 Nh6 9. exd6 e6 10. Bg5 Qa5 11. Qa4+ Qxa4 12. Nxa4 Nd7 13. Bb3 Nf5 14. Rad1 b5 15. Nc3 Nb6 16. h3 f6 17. Be3 Nc4 18. Bxc4 bxc4 19. g4 1/2-1/2

[Event "Belem Velha op 2nd"]
[Site "Belem"]
[Date "2015.02.14"]
[Round "3"]
[White "Folha, Matheus Serrao"]
[Black "Albuquerque, Antonio Lazaro"]
[Result "0-1"]
[WhiteElo "1764"]
[BlackElo "1881"]
[PlyCount "82"]
[EventDate "2015.02.13"]
[EventType "swiss"]
[EventRounds "9"]
[EventCountry "BRA"]
[SourceTitle "CBM 164 Extra"]
[Source "ChessBase"]
[SourceDate "2015.03.02"]
[SourceVersion "1"]
[SourceVersionDate "2015.03.02"]
[SourceQuality "1"]

1. e4 e6 2. d4 d5 3. Be3 dxe4 4. Nd2 f5 5. f3 Nf6 6. fxe4 fxe4 7. a3 Nbd7 8. Bc4 Nb6 9. Ba2 Nbd5 10. Bf2 e3 11. c4 exf2+ 12. Kxf2 Nf4 13. Nb3 Bd6 14. g3 Ng6 15. c5 Be7 16. Nc1 0-0 17. Nf3 Ng4+ 18. Kg1 Bxc5 19. Qd3 Bb6 20. h3 Nf6 21. Ne2 Nd5 22. h4 Qf6 23. Rf1 Qf5 24. Qd2 Qg4 25. Nh2 Rxf1+ 26. Kxf1 Qf5+ 27. Kg2 Qe4+ 28. Nf3 Bd7 29. Re1 Rf8 30. Neg1 Qg4 31. Bb1 Bc6 32. Be4 Nde7 33. Bxc6 Nxc6 34. d5 Nf4+ 35. Kh2 Bxg1+ 36. Nxg1 Nxd5 37. Qc2 Nd4 38. Qe4 Rf2+ 39. Qg2 Rxg2+ 40. Kxg2 Nf4+ 41. Kh1 Qxg3 0-1

[Event "Belem Velha op 2nd"]
[Site "Belem"]
[Date "2015.02.14"]
[Round "2"]
[White "Santos, Gleydson Jose Barbo"]
[Black "Folha, Matheus Serrao"]
[Result "1/2-1/2"]
[WhiteElo "1908"]
[BlackElo "1764"]
[PlyCount "97"]
[EventDate "2015.02.13"]
[EventType "swiss"]
[EventRounds "9"]
[EventCountry "BRA"]
[SourceTitle "CBM 164 Extra"]
[Source "ChessBase"]
[SourceDate "2015.03.02"]
[SourceVersion "1"]
[SourceVersionDate "2015.03.02"]
[SourceQuality "1"]

1. c4 Nf6 2. g3 g6 3. Bg2 Bg7 4. Nf3 0-0 5. 0-0 d6 6. Nc3 Bd7 7. d4 c5 8. d5 Na6 9. Bg5 Nc7 10. Qd2 Rb8 11. Bh6 b5 12. Bxg7 Kxg7 13. cxb5 Nxb5 14. Rfe1 e5 15. dxe6 Bxe6 16. e4 Nxc3 17. Qxc3 Qb6 18. b3 Qb5 19. Qc2 Rfc8 20. e5 dxe5 21. Nxe5 Bf5 22. Qc4 Qxc4 23. Nxc4 Be6 24. Rac1 Nd5 25. Re5 Nb4 26. Re2 Re8 27. Nd6 Red8 28. Nb7 Bg4 29. Nxd8 Bxe2 30. Nc6 Nxc6 31. Bxc6 Rc8 32. Bd5 Bg4 33. f3 Bd7 34. b4 cxb4 35. Rxc8 Bxc8 36. Kf2 a5 37. Ke3 Kf6 38. Kd4 Ke7 39. Kc5 Bd7 40. Bc4 f6 41. Bb5 Be6 42. Bc4 Bxc4 43. Kxc4 Kd6 44. Kb5 Kd5 45. Kxa5 Kc4 46. Ka4 g5 47. g4 h6 48. h3 Kc5 49. Ka5 1/2-1/2